<?xml version="1.0" encoding="UTF-8"?>
<collection xmlns="http://www.loc.gov/MARC21/slim">
 <record>
  <leader>02097nam a2200313 a 4500</leader>
  <controlfield tag="001">291146</controlfield>
  <controlfield tag="008">090712s1969    nju      b    000 0 eng d</controlfield>
  <datafield tag="010" ind1=" " ind2=" ">
   <subfield code="a">   69015338 </subfield>
  </datafield>
  <datafield tag="020" ind1=" " ind2=" ">
   <subfield code="a">0137819978</subfield>
  </datafield>
  <datafield tag="040" ind1=" " ind2=" ">
   <subfield code="a">DLC</subfield>
   <subfield code="c">DLC</subfield>
   <subfield code="d">DLC</subfield>
  </datafield>
  <datafield tag="082" ind1="0" ind2="0">
   <subfield code="a">823/.5</subfield>
  </datafield>
  <datafield tag="100" ind1="1" ind2=" ">
   <subfield code="a">Ellis, Frank H.</subfield>
   <subfield code="q">(Frank Hale),</subfield>
   <subfield code="d">1916-</subfield>
   <subfield code="e">comp.</subfield>
  </datafield>
  <datafield tag="245" ind1="1" ind2="0">
   <subfield code="a">Twentieth century interpretations of Robinson Crusoe;</subfield>
   <subfield code="b">a collection of critical essays,</subfield>
   <subfield code="c">edited by Frank H. Ellis.</subfield>
  </datafield>
  <datafield tag="260" ind1=" " ind2=" ">
   <subfield code="a">Englewood Cliffs, N.J., :</subfield>
   <subfield code="b">Prentice-Hall;</subfield>
   <subfield code="c">1969</subfield>
  </datafield>
  <datafield tag="300" ind1=" " ind2=" ">
   <subfield code="a">vi, 118 p.</subfield>
   <subfield code="c">21 cm.</subfield>
  </datafield>
  <datafield tag="490" ind1="1" ind2=" ">
   <subfield code="a">Twentieth century interpretations</subfield>
  </datafield>
  <datafield tag="490" ind1="1" ind2=" ">
   <subfield code="a">A Spectrum book.</subfield>
  </datafield>
  <datafield tag="504" ind1=" " ind2=" ">
   <subfield code="a">Bibliographical footnotes.</subfield>
  </datafield>
  <datafield tag="505" ind1="0" ind2=" ">
   <subfield code="a">Robinson Crusoe, by V. Woolf.--The author of Robinson Crusoe, by J. Sutherland.--Symbolic elements in Robinson Crusoe, by E. B. Benjamin.--Robinson Crusoe; individualism and the novel, by I. Watt.--Robinson Crusoe, by J. R. Moore.--Defoe, by E. M. W. Tillyard.--Religion and invention in Robinson Crusoe, by W. H. Halewood.--Das Kapital, by K. Marx.--The riddle of Defoe, by R. Lloyd.--The psychological structure of space with some remarks on Robinson Crusoe, by E. Berne.--The economic meaning of Robinson Crusoe, by M. E. Novak.--Robinson Crusoe and the myth of mammon, by G. A. Starr.--The un-sources of Robinson Crusoe, by J. P. Hunter.--Chronology of important dates.--Selected bibliography (p. 117-118)</subfield>
  </datafield>
  <datafield tag="541" ind1="1" ind2=" ">
   <subfield code="e">00014267</subfield>
  </datafield>
  <datafield tag="600" ind1="1" ind2="0">
   <subfield code="a">Defoe, Daniel,</subfield>
   <subfield code="d">1661?-1731.</subfield>
   <subfield code="t">Robinson Crusoe.</subfield>
  </datafield>
  <datafield tag="650" ind1=" " ind2="0">
   <subfield code="a">Survival after airplane accidents, shipwrecks, etc., in literature.</subfield>
  </datafield>
  <datafield tag="650" ind1=" " ind2="0">
   <subfield code="a">Adventure stories, English</subfield>
   <subfield code="x">History and criticism.</subfield>
  </datafield>
  <datafield tag="650" ind1=" " ind2="0">
   <subfield code="a">Castaways in literature.</subfield>
  </datafield>
  <datafield tag="650" ind1=" " ind2="0">
   <subfield code="a">Islands in literature.</subfield>
  </datafield>
  <datafield tag="852" ind1="4" ind2=" ">
   <subfield code="a">Ayesha Abed Library</subfield>
   <subfield code="j">General shelf </subfield>
  </datafield>
  <datafield tag="999" ind1=" " ind2=" ">
   <subfield code="c">2282</subfield>
   <subfield code="d">2282</subfield>
  </datafield>
  <datafield tag="952" ind1=" " ind2=" ">
   <subfield code="0">0</subfield>
   <subfield code="1">4</subfield>
   <subfield code="2">ddc</subfield>
   <subfield code="4">0</subfield>
   <subfield code="6">823_500000000000000_ELL</subfield>
   <subfield code="7">0</subfield>
   <subfield code="9">2106</subfield>
   <subfield code="a">BRACUL</subfield>
   <subfield code="b">BRACUL</subfield>
   <subfield code="c">GEN</subfield>
   <subfield code="d">2009-07-12</subfield>
   <subfield code="g">60.00</subfield>
   <subfield code="l">0</subfield>
   <subfield code="o">823.5 ELL</subfield>
   <subfield code="p">3010014267</subfield>
   <subfield code="r">2009-07-12</subfield>
   <subfield code="t">1</subfield>
   <subfield code="w">2009-07-12</subfield>
   <subfield code="y">BK</subfield>
   <subfield code="x">Koha Inventory 2020</subfield>
  </datafield>
  <datafield tag="952" ind1=" " ind2=" ">
   <subfield code="0">0</subfield>
   <subfield code="1">0</subfield>
   <subfield code="2">ddc</subfield>
   <subfield code="4">1</subfield>
   <subfield code="6">823_500000000000000_ELL</subfield>
   <subfield code="7">0</subfield>
   <subfield code="9">14677</subfield>
   <subfield code="a">BRACUL</subfield>
   <subfield code="b">BRACUL</subfield>
   <subfield code="c">SPS</subfield>
   <subfield code="d">2011-03-15</subfield>
   <subfield code="l">2</subfield>
   <subfield code="m">5</subfield>
   <subfield code="o">823.5 ELL</subfield>
   <subfield code="p">3010010098</subfield>
   <subfield code="r">2018-05-09</subfield>
   <subfield code="s">2018-03-20</subfield>
   <subfield code="t">2</subfield>
   <subfield code="w">2011-03-15</subfield>
   <subfield code="y">BK</subfield>
  </datafield>
 </record>
</collection>
